00581nam a2200217Ia 450000500170000000800460001702000180006303700100008104000080009104000080009904000080010704100080011504100080012308400080013110000650013924500420020426000100024626000090025665000410026585600570030620260121114445.0008 260114s9999 xx 000 0 eng d a9789357466332 aEBOOK aCRL beng cCRL 2eng aeng qCRL aJulian W. Gardner, Vijay K. Varadan and Osama O. Awadelkarim 0aMicrosensors, MEMS, and Smart Devices bWiley c2024 aElectrical & Electronics Engineering uhttps://ebooks.wileyindia.com/product-details/471245